| 000 | 00822nam a2200253 i 4500 | ||
|---|---|---|---|
| 001 | 9939 | ||
| 003 | ES-MaACL | ||
| 005 | 20230906145805.0 | ||
| 007 | t| | ||
| 008 | 940525s1993 sp a |||| | spa d | ||
| 020 | _a84-451-0729-1 | ||
| 080 | _a634(464.1) | ||
| 100 | 1 |
_aCantero Desmartines, Francisco Javier. _934653 |
|
| 245 | 1 | 0 |
_aÁrboles singulares de Madrid / _cFrancisco Javier Cantero Desmartines, Antonio López Lillo. |
| 250 | _a1ª ed. | ||
| 260 |
_aMadrid : _bComunidad, Agencia de Medio Ambiente, _c1993. |
||
| 300 |
_a789 p. : _bil. ; _c29 cm. |
||
| 500 | _aÍndices. | ||
| 504 | _aBibliografía: p. 773. | ||
| 650 | 1 | 4 |
_aÁrboles- _zMadrid (Comunidad Autónoma) _9168330 |
| 700 | 1 |
_aLópez Lillo, Antonio. _973724 |
|
| 710 | 2 |
_aAgencia de Medio Ambiente (Madrid) _91263 |
|
| 852 |
_aES-MaACL _jL-17472 |
||
| 999 |
_c9939 _d9939 |
||